|
|
|
|
| LEADER |
00000nam0a2200000 4500 |
| 001 |
283373 |
| 005 |
20231101235605.0 |
| 035 |
|
|
|a (RuTPU)RU\TPU\book\307440
|
| 090 |
|
|
|a 283373
|
| 100 |
|
|
|a 20150206d1984 m y0rusy50 ca
|
| 101 |
0 |
|
|a rus
|
| 102 |
|
|
|a RU
|
| 105 |
|
|
|a y z 000zy
|
| 200 |
1 |
|
|a Начало восьмидесятых. Политические очерки
|f А. Е. Бовин
|
| 210 |
|
|
|a Москва
|c Известия
|d 1984
|
| 215 |
|
|
|a 272 с.
|
| 606 |
1 |
|
|a Внешняя политика
|x Международные отношения
|y Россия
|2 stltpush
|3 (RuTPU)RU\TPU\subj\68528
|9 83773
|
| 610 |
1 |
|
|a внешняя политика
|
| 610 |
1 |
|
|a очерки
|
| 610 |
1 |
|
|a 20 век
|
| 610 |
1 |
|
|a политическая история
|
| 610 |
1 |
|
|a политическая карта мира
|
| 610 |
1 |
|
|a Китай
|
| 610 |
1 |
|
|a африканские страны
|
| 610 |
1 |
|
|a Иран
|
| 686 |
|
|
|a Ф4(2)0
|v LBC/SL-A
|2 rubbk
|
| 700 |
|
1 |
|a Бовин
|b А. Е.
|g Александр Евгеньевич
|
| 801 |
|
1 |
|a RU
|b 63413507
|c 20150206
|
| 801 |
|
2 |
|a RU
|b 63413507
|c 20170919
|g RCR
|
| 942 |
|
|
|c BK
|